Principles of plant virology : (Record no. 16021)

000 -LEADER
fixed length control field 00573cam a22001934a 4500
020 ## - INTERNATIONAL STANDARD BOOK NUMBER
ISBN 1578083168 (pbk.)
020 ## - INTERNATIONAL STANDARD BOOK NUMBER
ISBN 9781578083169 (pbk.)
040 ## - CATALOGING SOURCE
Transcribing agency DLC
041 1# - LANGUAGE CODE
Language code of original and/or intermediate translations of text fre
082 00 - DEWEY DECIMAL CLASSIFICATION NUMBER
Classification number 632 SCI 2007 A083 Or.
245 10 - TITLE STATEMENT
Title Principles of plant virology :
Remainder of title genome, pathogenicity, virus ecology /
260 ## - PUBLICATION, DISTRIBUTION, ETC. (IMPRINT)
Place of publication Enfield, NH :
Name of publisher Science Publishers,
Year of publication c2007.
300 ## - PHYSICAL DESCRIPTION
Number of Pages xxi, 472 p., 8 p. of plates :
Other physical details ill. (some col.) ;
Dimensions 25 cm.
650 #0 - SUBJECT ADDED ENTRY--TOPICAL TERM
Topical Term Virus diseases of plants.
650 #0 - SUBJECT ADDED ENTRY--TOPICAL TERM
Topical Term Plant viruses.
650 #0 - SUBJECT ADDED ENTRY--TOPICAL TERM
Topical Term Plant viruses
700 1# - ADDED ENTRY--PERSONAL NAME
Personal name Astier, S.
942 ## - ADDED ENTRY ELEMENTS (KOHA)
Koha item type សៀវភៅភាសាអង់គ្លេស
952 ## - LOCATION AND ITEM INFORMATION (KOHA)
Withdrawn status [LOCAL, KOHA] 0
Holdings
Permanent Location Date acquired Koha item type Lost status Shelving location Barcode Current Location Full call number
Library Block A2017-12-26សៀវភៅភាសាអង់គ្លេស A083A10129Library Block A632 SCI 2007 A083 Or.
មជ្ឈមណ្ឌលឯការនៃសាកលវិទ្យាល័យភូមិន្ទកសិកម្មចំការដូង

Powered by Koha